| 000 | 01208nam a22002777a 4500 | ||
|---|---|---|---|
| 001 | TZ 0011 | ||
| 003 | gtcocun | ||
| 005 | 20250926172843.0 | ||
| 006 | a||||gr|||| 00| 0 | ||
| 007 | ta | ||
| 008 | 250926b1997 gt ||||| m||| 00| 0 eng d | ||
| 040 |
_agtcocun _bSPA _cgtcocun _eRDA |
||
| 041 | _aSPA TZ 0011 | ||
| 084 | _0TZ 0011 | ||
| 100 |
_aPérez Sánchez, Federico _eAutor |
||
| 245 |
_aADAPTABILIDAD DE SEIS CULTIVARES DE AMARANTO (Amaranthus sp) EN LA ALDEA TONTEM DEL MUNICIPIO COBÁN, ALTA VERAPAZ./ _cFederico Pérez Sánchez. _hImpreso |
||
| 264 |
_aCobán, Alta Verapaz: _bUniversidad de San Carlos de Guatemala, Centro Universitario del Norte, Zootecnia _c1997 |
||
| 300 |
_a40 p.: _bIlustraciones, gráficas. _c28 cm; |
||
| 502 | _eTZ 0011 | ||
| 502 |
_aTesis de grado _bZootecnia, _cUniversidad de San Carlos de Guatemala, Centro Universitario del Norte, Zootecnia _d1997 _oTZ 0011 |
||
| 650 |
_2LEMB _aAldea Tontem, Cobán, Alta Verapaz. _xZootecnia _xFollaje _xAmaranto _xPanoja _xPresupuesto _xEficiencia económica |
||
| 700 | _eAsesor | ||
| 856 |
_uSin archivo en línea. _zSin archivo en línea. |
||
| 942 |
_2ddc _cTES _iTZ 0011 _kClasificación _n0 _6TZ_0011_000000000000000 |
||
| 999 |
_c2155 _d2155 |
||